000 00518nam a2200193 a 4500
005 20140310183329.0
008 060815s19uu xx 00 eng d
020 _a730205300426
050 _aP 90
_b.V53 1999
100 _aVivian, John
245 _aThe media of mass communication /
_cJohn Vivian.
250 _a5th ed.
260 _aBoston :
_bAllyn and Bacon,
_c1999.
300 _a524 p. :
_bcol. ill. ;
_c27 cm.
521 _aMC
650 _aMass Communication.
942 _cBK
_2lcc
_kFOR
999 _c21502
_d21502